| 000 | 01601nam a2200241Ia 4500 | ||
|---|---|---|---|
| 003 | Ost | ||
| 005 | 20260507075606.0 | ||
| 008 | 260507s9999||||xx |||||||||||||| ||und|| | ||
| 020 | _a9789777332972 | ||
| 040 | _cfsecg | ||
| 041 | _aara | ||
| 082 | _a658.409 | ||
| 100 |
_aمقدم، وهيبة _eمؤلف |
||
| 245 | 0 |
_aالإدارة الإستراتيجية للمؤسسة من خلال لوحة القيادة / _c وهيبة مقدم |
|
| 260 |
_aالاسكندرية : _bدار التعليم الجامعي, _c2020 |
||
| 300 |
_a295 صفحة؛ _bإيضاحات ؛ _c24 سم |
||
| 504 | _aببليوغرافيا ص.277 قائمة الجداول ص.291 قائمة الأشكال ص.293 قائمة الملاحق ص.295 | ||
| 520 | _aتناول هذا الكتاب موضوع الإدارة الاستراتيجية للمؤسسة من خلال لوحة القيادة باعتبارها من أهم الوظائف الإدارية، حيث تناول عبر فصول دراسته المفاهيم الأساسية والتوجه الاستراتيجي للوحة القيادة، بالاظافة الى مفهوم الإدارة الاستراتيجية وبطاقة الأداء المتوازن كنموذج مثالي للوحة القيادة الاستراتيجية، كذلك إدارة مشروع "تصميم شبكة لوحات القيادة في المؤسسة" والمراحل العملية لإنجازه. | ||
| 653 | _aالإدارة الإستراتيجية | ||
| 653 | _aالإدارة القيادية | ||
| 653 | _aلوحة القيادة | ||
| 942 | _cكتاب | ||
| 999 |
_c45045 _d45045 |
||